000 00312nam a2200133 i 4500
001 bg
100 1 _aLESZ, M.
245 0 _aProgramowanie rozwoju w warunkach ograniczeń /
_cM. Lesz.
260 _aWarszawa,
_c1984.
040 _cBPK
041 _apol
942 _cKS
008 s pl f |000 0 pol
999 _c2343
_d2343
856 _uhttp://koha.tu.koszalin.pl/cgi-bin/koha/opac-detail.pl?biblionumber=2343
_yKatalog online BPK